000 00572nam a2200193Ia 4500
005 20260120124635.0
008 008 260114s9999 xx 000 0 eng d
020 _a9780762309818
037 _aEBOOK
040 _aCRL
_beng
_cCRL
041 _aeng
_2eng
084 _qCRL
245 0 _aAdvances in Interdisciplinary Studies of Work Teams
260 _bEmerald Publishing
_c2003
700 _aMichael M. Beyerlein
_9908720
856 _uhttps://www.emerald.com/insight/publication/doi/10.1016/S1572-0977(2003)9
942 _cEBOOK
999 _c1500625
_d1500625